| 000 | 00592nam a2200181Ia 4500 | ||
|---|---|---|---|
| 008 | 100921s9999 xx 000 0 und d | ||
| 082 |
_b19744 _a891.463 थ 85 |
||
| 100 | _aभावे पुरूषोत्तम भास्कर. | ||
| 245 | _aरेशीमधागे. | ||
| 260 |
_bआरती प्रकाशन, डोंबिवली. _c1985 |
||
| 300 |
_a149 _b--- |
||
| 365 | _b35 | ||
| 520 | _aललित-कथा. | ||
| 630 | _aरेशीमधागे. | ||
| 650 | _aललित-कथा. | ||
| 730 | _aरेशीमधागे. | ||
| 942 | _cBOOK | ||
| 999 |
_c768857 _d768854 |
||